000 00543 a2200181 4500
020 _a817758264X
040 _aDLC
_bDLC
082 _a621.382
100 _aTomasi, Wayne.
245 _aElectronic communications system : fundamentals through advanced
_cWayne Tomasi
250 _a5th ed.
260 _aNew Delhi :
_bPearson Education Inc. ,
_cc2007.
300 _axviii, 1163 p. :
_bill. ;
_c 27 cm.
440 _aTelecommunication systems.
500 _aIncludes Index
650 _aTelecommunication systems.
942 _cBK
_k621.382 TOM
_2ddc
999 _c4736
_d4736